Top Languages of Saskatchewan - Statistics

General Stats
  • This quiz has been taken 55 times
  • The average score is 10 of 15
Answer Stats
Number of Speakers Language % Correct
1,094,785 English
98%
52,065 French
96%
18,460 German
88%
11,185 Spanish
88%
5,305 Russian
82%
15,745 Hindi
80%
7,265 Arabic
78%
11,590 Mandarin
76%
36,125 Tagalog
66%
10,795 Ukrainian
62%
13,310 Punjabi
60%
10,540 Urdu
60%
24,850 Cree
56%
6,965 Gujarati
36%
8,080 Dene
12%
No matching quizzes found
Score Distribution
Percent of People with Each Score
Percentile by Number Answered
Your Score History
You have not taken this quiz